مكتبة جامعة عجلون الوطنية

فهرس بحث المكتبة

Normal view MARC view
  • إدارة الأعمال - الشركات الدولية - إدارة

Entry Topical Term

Number of records used in: 1

001 - CONTROL NUMBER

  • control field: 58118

003 - CONTROL NUMBER IDENTIFIER

  • control field: JO-AjAnu

005 - DATE AND TIME OF LATEST TRANSACTION

  • control field: 20230606083519.0

008 - FIXED-LENGTH DATA ELEMENTS

  • fixed length control field: 230606|| aca||aabn | a|a d

040 ## - CATALOGING SOURCE

  • Original cataloging agency: JO-AjAnu
  • Transcribing agency: JO-AjAnu

150 ## - HEADING--TOPICAL TERM

  • Topical term or geographic name entry element: إدارة الأعمال - الشركات الدولية - إدارة

670 ## - SOURCE DATA FOUND

  • Source citation: Work cat.: (JO-AjAnu)29650: الحريري، محمد سرور, author 58117, إدارة الأعمال الدولية: مدخل إستراتيجي لإدارة الأعمال الدولية والعالمية المعاصرة و الحديثة